000
00322nam a22001457a 4500
008
210303b ||||| |||| 00| 0 eng d
020
_a
2900321748576
041
_a
eng
080
_2
10th
_a
510
082
_a
510
100
_a
36
101
_a
MAT
245
_a
Calculus with Applications
_c
Lial, M. L
942
_2
udc
_c
BK
999
_c
55600
_d
55600